000 00917cam a2200265 4500
001 274
005 20181127161057.0
008 880527s1989 enk b 000 1 eng
010 _a 88018017
020 _a019281785X (pbk.)
043 _ae-uk-en
100 1 _aDickens, Charles,
_d1812-1870.
245 1 0 _aHard times /
_cCharles Dickens ; edited with an introduction and notes by Paul Schlicke.
260 _aOxford [Oxfordshire] ;
_bOxford University Press,
_c1989.
300 _axxxii, 430 p. ;
_c19 cm.
440 4 _aThe World's classics
504 _aIncludes bibliographical references.
590 _aElectronic copy available on RTC Cloud in "Library" folder
650 _aDickens, Charles, 1812-1870. Hard times.
_v
_x
_y
_z
_2
650 0 _aSocial problems
_vFiction.
651 0 _aEngland
_xFiction.
655 7 _aDomestic fiction.
_2lcsh
655 7 _aPolitical fiction.
_2lcsh
700 1 _aSchlicke, Paul.
999 _c243
_d243